00347nam a22001097a 450000500170000000800410001704000190005804100120007708200130008924501250010285000100022720230818100034.0230818b |||||||| |||| 00| 0 eng d aLoreto college aEnglish a396bBOS aPosition of women informal sector workers in three slums of Bidhannagar 24 parganas(N) West Bengal ba comparative study aLCLIB